Demystifying Kashmir (Record no. 13404)

000 -LEADER
fixed length control field 00432nam a22001457a 4500
020 ## - INTERNATIONAL STANDARD BOOK NUMBER
International Standard Book Number 8131708462
082 ## - DEWEY DECIMAL CLASSIFICATION NUMBER
Classification number 954.6 BEH
100 ## - MAIN ENTRY--PERSONAL NAME
Personal name Behera, Navnita Chandha
245 ## - TITLE STATEMENT
Title Demystifying Kashmir
260 ## - PUBLICATION, DISTRIBUTION, ETC.
Place of publication, distribution, etc. New Delhi
Name of publisher, distributor, etc. Pearson Education
300 ## - PHYSICAL DESCRIPTION
Extent ix, 359 p.
500 ## - GENERAL NOTE
General note Includes index
700 ## - ADDED ENTRY--PERSONAL NAME
Personal name 1. Jammu and Kashmir (India)---International status 2. Jammu and Kashmir (India)---Politics andc government
942 ## - ADDED ENTRY ELEMENTS (KOHA)
Koha item type Book
Holdings
Withdrawn status Lost status Damaged status Not for loan Collection code Permanent Location Current Location Shelving location Date acquired Source of acquisition Total Checkouts Full call number Barcode Date last seen Date last checked out Price effective from Koha item type
          Central Library (CL) Central Library (CL) General Stacks 12/12/2015 Donation 1 954.6 BEH SEECSD01208 01/05/2021 01/05/2021 12/14/2015 Book
© 2023 Central Library, National University of Sciences and Technology. All Rights Reserved.